[Event "ESP-ch Rapid"]
[Site "Mengibar"]
[Date "2024.08.17"]
[Round "9"]
[White "Moreno Trujillo, Alejandro"]
[Black "Vioque Gonzalez, Nicolas"]
[Result "1-0"]
[WhiteElo "2485"]
[BlackElo "2148"]
[PlyCount "109"]
[EventDate "2024.08.17"]
[EventType "swiss (rapid)"]
[EventRounds "10"]
[EventCountry "ESP"]
[SourceTitle "CBM 221 Extra"]
[Source "ChessBase"]
[SourceDate "2024.09.30"]
[SourceVersion "1"]
[SourceVersionDate "2024.09.30"]
[SourceQuality "1"]

1. d4 d5 2. c4 e5 3. dxe5 d4 4. Nf3 Nc6 5. a3 Nge7 6. b4 Ng6 7. Bb2 a5 8. b5 Ncxe5 9. Nxe5 Nxe5 10. Qxd4 Qxd4 11. Bxd4 Nxc4 12. e3 Be6 13. Be2 a4 14. 0-0 Na5 15. Nd2 Nb3 16. Nxb3 axb3 17. a4 c5 18. bxc6 bxc6 19. Bf3 Rc8 20. a5 c5 21. Bc3 Rc7 22. a6 Ra7 23. Rfd1 f6 24. Bc6+ Kf7 25. Rd8 Rg8 26. Ra8 Rxa8 27. Bxa8 Bd6 28. Be4 f5 29. Bf3 Bb8 30. a7 Bxa7 31. Rxa7+ Kg6 32. h4 h5 33. Ra6 Kf7 34. Bxh5+ Ke7 35. Be2 Rb8 36. Bb2 Rc8 37. f3 c4 38. Bc3 Rb8 39. Ra1 b2 40. Rb1 Rb3 41. Bxg7 c3 42. Bxc3 Rxc3 43. Rxb2 Rxe3 44. Kf2 Ra3 45. Kg3 Kf6 46. Rb6 Ra4 47. Bd1 f4+ 48. Kh2 Ra2 49. Bb3 Re2 50. h5 Kg5 51. Rxe6 Rb2 52. Bd5 Rb5 53. Be4 Kh4 54. Rg6 Kxh5 55. Rg4 1-0

[Event "Alcorcon Diagonal op 2nd"]
[Site "Alcorcon"]
[Date "2023.12.30"]
[Round "9"]
[White "Vioque Gonzalez, Nicolas"]
[Black "Neagu, Roberto Florin"]
[Result "0-1"]
[WhiteElo "2074"]
[BlackElo "2268"]
[PlyCount "130"]
[EventDate "2023.12.26"]
[EventType "swiss"]
[EventRounds "9"]
[EventCountry "ESP"]
[SourceTitle "CBM 217 Extra"]
[Source "ChessBase"]
[SourceDate "2024.01.31"]
[SourceVersion "1"]
[SourceVersionDate "2024.01.31"]
[SourceQuality "1"]

1. d4 g6 2. e4 Bg7 3. Nc3 a6 4. Be3 d6 5. Qd2 b5 6. f3 Nd7 7. h4 h6 8. Nh3 Nb6 9. Nf4 Nf6 10. a4 b4 11. Nd1 a5 12. Nf2 Nfd7 13. Bb5 Bb7 14. c3 c6 15. Bd3 c5 16. Bb5 0-0 17. N4h3 h5 18. Bh6 bxc3 19. bxc3 cxd4 20. cxd4 e5 21. g4 exd4 22. Bxg7 Kxg7 23. Qxd4+ Qf6 24. Qxf6+ Nxf6 25. g5 Nfd7 26. Rd1 Nc5 27. Rxd6 Nbxa4 28. Bxa4 Nxa4 29. 0-0 Nc5 30. Rc1 Rfc8 31. Nf4 a4 32. Ra1 Rd8 33. Rxd8 Rxd8 34. Ra3 Rd2 35. N4d3 Nxd3 36. Nxd3 Bc6 37. Nf2 Bb5 38. Kg2 Kf8 39. f4 Ke7 40. Kf3 Kd6 41. Rc3 Rb2 42. Ke3 Re2+ 43. Kf3 Ra2 44. Nd3 a3 45. e5+ Ke6 46. Nc5+ Kd5 47. Nb3 Be2+ 48. Ke3 Bc4 49. Na5 Re2+ 50. Kf3 a2 51. Ra3 Rh2 52. Kg3 Rh1 53. Nxc4 a1Q 54. Rxa1 Rxa1 55. Nd6 Ke6 56. Kf3 Rh1 57. Ke4 Rxh4 58. Nb5 Rh1 59. Nd4+ Kd7 60. e6+ fxe6 61. Ke5 h4 62. Kf6 h3 63. Kxg6 Rf1 64. Ne2 h2 65. Ng3 Rg1 0-1

[Event "Alcorcon Diagonal op 2nd"]
[Site "Alcorcon"]
[Date "2023.12.27"]
[Round "3"]
[White "Martin Duque, Jesus"]
[Black "Vioque Gonzalez, Nicolas"]
[Result "1-0"]
[WhiteElo "2346"]
[BlackElo "2074"]
[PlyCount "73"]
[EventDate "2023.12.26"]
[EventType "swiss"]
[EventRounds "9"]
[EventCountry "ESP"]
[SourceTitle "CBM 217 Extra"]
[Source "ChessBase"]
[SourceDate "2024.01.31"]
[SourceVersion "1"]
[SourceVersionDate "2024.01.31"]
[SourceQuality "1"]

1. Nf3 d5 2. c4 c6 3. e3 Nf6 4. Nc3 e6 5. b3 Bd6 6. Bb2 0-0 7. Qc2 a6 8. d4 b5 9. c5 Bc7 10. Bd3 b4 11. Ne2 a5 12. Ne5 Ba6 13. Bxa6 Rxa6 14. 0-0 Nbd7 15. f4 Bxe5 16. dxe5 Ne4 17. Bd4 Qh4 18. Nc1 g6 19. Nd3 Rb8 20. Rfc1 Rb5 21. a3 bxa3 22. Rxa3 Qd8 23. b4 Nb8 24. Rca1 Qc8 25. Rxa5 Raxa5 26. Rxa5 Rxa5 27. bxa5 Qb7 28. Qb2 Qxb2 29. Bxb2 Na6 30. Ba3 h5 31. Nb4 Nexc5 32. Nxc6 Ne4 33. Nb4 Nec5 34. Nxa6 Nxa6 35. Bd6 Kg7 36. Kf2 f6 37. Kf3 1-0

[Event "ESP-ch Rapid"]
[Site "Linares"]
[Date "2023.08.19"]
[Round "7"]
[White "Vioque Gonzalez, Nicolas"]
[Black "Ingunza Curro, Andres"]
[Result "0-1"]
[WhiteElo "2004"]
[BlackElo "2333"]
[PlyCount "104"]
[EventDate "2023.08.19"]
[EventType "swiss (rapid)"]
[EventRounds "10"]
[EventCountry "ESP"]
[SourceTitle "CBM 215 Extra"]
[Source "ChessBase"]
[SourceDate "2023.09.30"]
[SourceVersion "1"]
[SourceVersionDate "2023.09.30"]
[SourceQuality "1"]

1. d4 g6 2. e4 c6 3. Nc3 d5 4. e5 h5 5. h4 Nh6 6. f3 Bg7 7. Bf4 b5 8. Qd2 Bf5 9. Nh3 a5 10. Ne2 Na6 11. Ng3 e6 12. Bg5 Qb6 13. Be2 Rc8 14. Be3 c5 15. c3 cxd4 16. Qxd4 Qb8 17. Qb6 Qxb6 18. Bxb6 0-0 19. Nxf5 Nxf5 20. f4 f6 21. a4 fxe5 22. Bxb5 Nc5 23. Bxc5 Rxc5 24. Bd7 Nxh4 25. Bxe6+ Kh8 26. g3 Nf5 27. g4 Ng3 28. Rg1 exf4 29. 0-0-0 Ne2+ 30. Kd2 Nxg1 31. Rxg1 d4 32. c4 f3 33. Bd5 f2 34. Rf1 hxg4 35. Nxf2 Bh6+ 36. Ke2 g3 37. Ne4 d3+ 38. Kxd3 Rxd5+ 39. cxd5 Rxf1 40. Nxg3 Rd1+ 41. Kc4 Bf4 42. Ne4 Be5 43. Kc5 Bxb2 44. d6 Ba3+ 45. Kc6 Bxd6 46. Nxd6 Kg7 47. Nc4 g5 48. Nxa5 g4 49. Nc4 Rc1 50. Kd5 Rxc4 51. Kxc4 g3 52. a5 g2 0-1

[Event "ESP-ch Rapid"]
[Site "Linares"]
[Date "2023.08.19"]
[Round "5"]
[White "Vioque Gonzalez, Nicolas"]
[Black "Suarez Uriel, Adrian"]
[Result "1-0"]
[WhiteElo "2004"]
[BlackElo "2376"]
[PlyCount "31"]
[EventDate "2023.08.19"]
[EventType "swiss (rapid)"]
[EventRounds "10"]
[EventCountry "ESP"]
[SourceTitle "CBM 215 Extra"]
[Source "ChessBase"]
[SourceDate "2023.09.30"]
[SourceVersion "1"]
[SourceVersionDate "2023.09.30"]
[SourceQuality "1"]

1. d4 Nf6 2. Nc3 d5 3. Bg5 Nbd7 4. f3 c5 5. e4 dxe4 6. fxe4 cxd4 7. Qxd4 Qb6 8. Qxb6 axb6 9. Nf3 e6 10. Nb5 Ra4 11. Bd3 h6 12. b3 Ra5 13. Bd2 Bc5 14. b4 Rxb5 15. Bxb5 Bd6 16. e5 1-0

[Event "ESP-ch U14 rapid"]
[Site "Salobrena"]
[Date "2023.07.22"]
[Round "3"]
[White "Rojas Fernandez, Antonio"]
[Black "Vioque Gonzalez, Nicolas"]
[Result "0-1"]
[WhiteElo "1679"]
[BlackElo "1986"]
[PlyCount "78"]
[EventDate "2023.07.22"]
[EventType "swiss (rapid)"]
[EventRounds "9"]
[EventCountry "ESP"]
[SourceTitle "EXT 2024"]
[Source "ChessBase"]
[SourceDate "2023.10.10"]
[SourceVersion "1"]
[SourceVersionDate "2023.10.10"]
[SourceQuality "1"]

1. e4 e5 2. Nf3 Nc6 3. Bc4 Bc5 4. c3 Nf6 5. d3 d6 6. a4 a5 7. 0-0 h6 8. h3 Ba7 9. Nbd2 0-0 10. Re1 Re8 11. Nf1 Be6 12. Qb3 Bxc4 13. Qxc4 Ne7 14. Ng3 c6 15. Qb3 Qc7 16. Be3 Bxe3 17. Rxe3 Rad8 18. Rd1 d5 19. Ree1 Ng6 20. Qc2 Rd7 21. Rd2 b6 22. Red1 Red8 23. b3 Nf4 24. Nh4 g6 25. Nf3 Kg7 26. c4 dxe4 27. dxe4 Rxd2 28. Rxd2 Rxd2 29. Qxd2 Nd7 30. Ne2 Ne6 31. Qc3 f6 32. Ne1 Ndc5 33. f3 Qd6 34. Qc2 Nd4 35. Nxd4 Qxd4+ 36. Kf1 Qe3 37. Qd1 Qxb3 38. Qd6 Qxc4+ 39. Kg1 Qd4+ 0-1

[Event "ESP-ch U14"]
[Site "Salobrena"]
[Date "2023.07.20"]
[Round "6"]
[White "Vioque Gonzalez, Nicolas"]
[Black "Rey Martinez, Jaime"]
[Result "1/2-1/2"]
[WhiteElo "1954"]
[BlackElo "2361"]
[PlyCount "93"]
[EventDate "2023.07.17"]
[EventType "swiss"]
[EventRounds "9"]
[EventCountry "ESP"]
[SourceTitle "EXT 2024"]
[Source "ChessBase"]
[SourceDate "2023.10.10"]
[SourceVersion "1"]
[SourceVersionDate "2023.10.10"]
[SourceQuality "1"]

1. d4 d5 2. Nc3 Nf6 3. Bg5 Nbd7 4. f3 c6 5. e4 dxe4 6. fxe4 e5 7. Nf3 Qa5 8. Bd2 Qc7 9. Qe2 Be7 10. 0-0-0 b5 11. g3 Bd6 12. Bh3 h6 13. Rhf1 a5 14. dxe5 Nxe5 15. Bxc8 Rxc8 16. Bf4 Nfd7 17. Nd4 Bf8 18. Nf3 Bd6 19. Nd4 Bf8 20. h4 h5 21. Nf3 Bd6 22. Ng5 g6 23. Rxd6 Qxd6 24. Nxf7 Qf8 25. Bxe5 Nxe5 26. Nxh8 Qxh8 27. Qf2 a4 28. Qc5 Rd8 29. a3 Qg7 30. Kb1 Qe7 31. Qxe7+ Kxe7 32. Kc1 Nc4 33. Nb1 Rd6 34. Rf3 Ne5 35. Rf4 Nc4 36. Rf3 Ne5 37. Rf4 Nc4 38. b3 axb3 39. cxb3 Ne5 40. Kc2 Rd3 41. a4 bxa4 42. bxa4 Rxg3 43. a5 Nc4 44. a6 Na3+ 45. Nxa3 Rxa3 46. e5 Rxa6 47. Rf6 1/2-1/2

[Event "Madrid-ch Previa B"]
[Site "Madrid"]
[Date "2023.02.24"]
[Round "8.2"]
[White "Lazaro Azcutia, Miguel"]
[Black "Vioque Gonzalez, Nicolas"]
[Result "1/2-1/2"]
[WhiteElo "1953"]
[BlackElo "2012"]
[PlyCount "32"]
[EventDate "2023.02.02"]
[EventType "swiss"]
[EventRounds "9"]
[EventCountry "ESP"]
[SourceTitle "EXT 2024"]
[Source "ChessBase"]
[SourceDate "2023.10.10"]
[SourceVersion "1"]
[SourceVersionDate "2023.10.10"]
[SourceQuality "1"]

1. e4 e5 2. Nf3 Nc6 3. Bb5 Nf6 4. 0-0 Nxe4 5. Re1 Nd6 6. Nxe5 Be7 7. Bf1 0-0 8. d4 Nf5 9. c3 Nxe5 10. Rxe5 d6 11. Re1 d5 12. Bf4 Bd6 13. Qf3 Nh4 14. Qg3 Nf5 15. Qf3 Nh4 16. Qg3 Nf5 1/2-1/2

[Event "Madrid-ch Previa B"]
[Site "Madrid"]
[Date "2023.02.18"]
[Round "7.4"]
[White "Lozano Freras, Sergio"]
[Black "Vioque Gonzalez, Nicolas"]
[Result "0-1"]
[WhiteElo "1947"]
[BlackElo "2012"]
[PlyCount "100"]
[EventDate "2023.02.02"]
[EventType "swiss"]
[EventRounds "9"]
[EventCountry "ESP"]
[SourceTitle "EXT 2024"]
[Source "ChessBase"]
[SourceDate "2023.10.10"]
[SourceVersion "1"]
[SourceVersionDate "2023.10.10"]
[SourceQuality "1"]

1. e4 e5 2. Nf3 Nc6 3. Bb5 Nf6 4. 0-0 Nxe4 5. Re1 Nd6 6. a4 Be7 7. Nc3 a6 8. Bf1 0-0 9. d4 e4 10. Nxe4 Nxe4 11. Rxe4 d5 12. Re1 Bg4 13. c3 Bd6 14. Bd3 Qf6 15. h3 Bxf3 16. Qxf3 Qxf3 17. gxf3 Rae8 18. Bd2 Nd8 19. b4 Ne6 20. a5 Nf4 21. Bf1 c6 22. Re3 Re6 23. Rxe6 fxe6 24. Bxf4 Rxf4 25. Kg2 e5 26. dxe5 Bxe5 27. Rc1 Kf8 28. Bd3 g6 29. Rc2 Ke7 30. Rc1 Kd6 31. Rc2 Rf7 32. Rc1 Rf4 33. Rc2 c5 34. bxc5+ Kxc5 35. Rb2 Rf7 36. Rc2 Rc7 37. h4 Kd6 38. c4 Rc5 39. cxd5 Rxc2 40. Bxc2 Bc3 41. h5 gxh5 42. Bxh7 Bxa5 43. Bf5 Bd8 44. Kf1 b5 45. Be4 Ke5 46. d6 a5 47. d7 Kd4 48. Ke2 Kc3 49. Kd1 Kb2 50. f4 a4 0-1

[Event "Madrid-ch Previa B"]
[Site "Madrid"]
[Date "2023.02.02"]
[Round "1.3"]
[White "Vioque Gonzalez, Nicolas"]
[Black "San Vicente Crespo, Pablo"]
[Result "1/2-1/2"]
[WhiteElo "2012"]
[BlackElo "1568"]
[PlyCount "116"]
[EventDate "2023.02.02"]
[EventType "swiss"]
[EventRounds "9"]
[EventCountry "ESP"]
[SourceTitle "EXT 2024"]
[Source "ChessBase"]
[SourceDate "2023.10.10"]
[SourceVersion "1"]
[SourceVersionDate "2023.10.10"]
[SourceQuality "1"]

1. d4 Nf6 2. Nc3 d5 3. Bg5 c5 4. Bxf6 gxf6 5. e3 Nc6 6. Qh5 e6 7. Nf3 Bd7 8. 0-0-0 f5 9. Bb5 c4 10. Bxc6 bxc6 11. Ne5 Qf6 12. g4 fxg4 13. Qxg4 h5 14. Qh3 Bd6 15. f4 Rb8 16. Na4 Rb5 17. Rhg1 Ra5 18. Nc3 Bb4 19. Rg5 Bxc3 20. bxc3 Rxa2 21. Kd2 Rb2 22. Ra1 Rb7 23. Rag1 a5 24. Qh4 Ke7 25. Qe1 Rhb8 26. Qa1 Kd6 27. Qa3+ Kc7 28. Qxa5+ Rb6 29. h4 Be8 30. Rxh5 Qe7 31. Rg7 Kb7 32. Qc5 Qxc5 33. dxc5 Rb1 34. Rh8 Rh1 35. Nf3 Ka6 36. Rgg8 Rh3 37. Nd4 Rh2+ 38. Ne2 Rb1 39. Rxe8 Rf1 40. Rb8 Rff2 41. Rb6+ Ka7 42. Rg8 Rxe2+ 43. Kd1 Rd2+ 44. Kc1 Rxc2+ 45. Kb1 Rce2 46. Rg1 Rxe3 47. Rxc6 Rxc3 48. Rg7 Rb3+ 49. Kc1 Rh1+ 50. Kd2 Rh2+ 51. Kc1 Kb7 52. Rxe6 Rh1+ 53. Kc2 Rh2+ 54. Kc1 Rh1+ 55. Kd2 Rh2+ 56. Kc1 Rh1+ 57. Kc2 Rh2+ 58. Kc1 Rh1+ 1/2-1/2

[Event "Madrid Alcorcon op 1st"]
[Site "Madrid"]
[Date "2022.12.26"]
[Round "2"]
[White "Vioque Gonzalez, Nicolas"]
[Black "Garcia Dorado, Alberto"]
[Result "1/2-1/2"]
[WhiteElo "1915"]
[BlackElo "2264"]
[PlyCount "138"]
[EventDate "2022.12.26"]
[EventType "swiss"]
[EventRounds "9"]
[EventCountry "ESP"]
[SourceTitle "CBM 212 Extra"]
[Source "ChessBase"]
[SourceDate "2023.03.31"]
[SourceVersion "1"]
[SourceVersionDate "2023.03.31"]
[SourceQuality "1"]

1. d4 Nf6 2. Nc3 d5 3. Bg5 Nbd7 4. Nf3 h6 5. Bh4 e6 6. e3 c5 7. Bd3 c4 8. Be2 b5 9. 0-0 b4 10. Nb1 Bb7 11. Nbd2 Qb6 12. c3 a5 13. a3 bxc3 14. bxc3 Bd6 15. Qc2 Qc7 16. Bg3 Bxg3 17. hxg3 0-0 18. Rfb1 Bc6 19. Bd1 Rfb8 20. Qc1 Ne8 21. g4 g5 22. Bc2 Nef6 23. Nh2 Rxb1 24. Rxb1 Rb8 25. f3 Rxb1 26. Qxb1 Nb6 27. Qd1 Qd6 28. Nb1 Qd7 29. Nf1 Ba4 30. Kf2 Qb5 31. Nbd2 Bxc2 32. Qxc2 Na4 33. Ng3 Qb2 34. Qxa4 Qxd2+ 35. Ne2 h5 36. Qxa5 hxg4 37. Qd8+ Kg7 38. Qd6 gxf3 39. gxf3 g4 40. Qe5 Kg6 41. a4 gxf3 42. Kxf3 Qd1 43. Qg3+ Kh6 44. Qf4+ Kg6 45. Qg3+ Kh6 46. Qh4+ Kg6 47. a5 Ne4 48. Qg4+ Kh6 49. Qg2 Nxc3 50. Qh2+ Kg6 51. Qg1+ Qxg1 52. Nxg1 Nb5 53. a6 Kf6 54. Ne2 Ke7 55. Nc3 Na7 56. e4 dxe4+ 57. Kxe4 Kd6 58. d5 exd5+ 59. Nxd5 Nb5 60. Ne3 c3 61. Kd3 Kc6 62. Nd1 Kb6 63. Nxc3 Kxa6 64. Nxb5 Kxb5 65. Kd4 Kc6 66. Ke5 Kd7 67. Kf6 Ke8 68. Kf5 Ke7 69. Ke5 f6+ 1/2-1/2

[Event "Mostoles op 11th"]
[Site "Mostoles"]
[Date "2022.07.25"]
[Round "9"]
[White "Rebollo Palos, Isaac"]
[Black "Vioque Gonzalez, Nicolas"]
[Result "0-1"]
[WhiteElo "1958"]
[BlackElo "1887"]
[PlyCount "170"]
[EventDate "2022.07.17"]
[EventType "swiss"]
[EventRounds "9"]
[EventCountry "ESP"]
[SourceTitle "EXT 2024"]
[Source "ChessBase"]
[SourceDate "2023.10.10"]
[SourceVersion "1"]
[SourceVersionDate "2023.10.10"]
[SourceQuality "1"]

1. e4 e5 2. Nf3 Nc6 3. d4 exd4 4. Nxd4 g6 5. Nxc6 bxc6 6. Qd4 Qf6 7. e5 Qe6 8. Qe3 Bg7 9. f4 d6 10. Bd3 dxe5 11. 0-0 Ne7 12. fxe5 Qxe5 13. Qf3 Be6 14. Nc3 0-0 15. Bf4 Qd4+ 16. Kh1 Nd5 17. Bd2 Qg4 18. Qxg4 Bxg4 19. Na4 Nb6 20. Nc3 Nd5 21. Na4 Nb6 22. Nc3 Be6 23. Bf4 Nd5 24. Nxd5 Bxd5 25. c3 Rab8 26. Rf2 Rbd8 27. Ba6 Rd7 28. Rd2 Rfd8 29. Rad1 h5 30. c4 Be6 31. Rxd7 Rxd7 32. Rxd7 Bxd7 33. b3 Bf5 34. Bxc7 Bb1 35. a3 Bb2 36. Bd6 Bc2 37. Bb7 Bxb3 38. Bxc6 Bxc4 39. Bc5 a6 40. Kg1 Kg7 41. Kf2 Bc1 42. Bd4+ f6 43. h4 Bxa3 44. Kf3 Be6 45. Bc3 Kf7 46. Bb7 Bc4 47. g4 hxg4+ 48. Kxg4 Bc5 49. Ba5 Bd4 50. Be4 Be5 51. Kf3 f5 52. Bc6 Bf6 53. Kg3 Bb5 54. Bd5+ Ke8 55. Bb4 Be5+ 56. Kf3 Bf6 57. Kg3 Bd8 58. Be6 Bc7+ 59. Kf3 a5 60. Ba3 Bd7 61. Bg8 Be5 62. Bc5 Bc6+ 63. Kf2 Bb2 64. Bh7 Kf7 65. h5 gxh5 66. Bxf5 a4 67. Bc2 a3 68. Bxa3 Bxa3 69. Bd1 Kg6 70. Bf3 Bd7 71. Kg2 Kg5 72. Kh1 Bg4 73. Ba8 Kf4 74. Kh2 h4 75. Bb7 Bb4 76. Bc6 Be1 77. Kg2 h3+ 78. Kh2 Bg3+ 79. Kg1 Kg5 80. Bb7 Kh4 81. Bc6 Bf4 82. Bb7 Kg3 83. Bc6 Be2 84. Kh1 Bf1 85. Kg1 Bg2 0-1

[Event "Mostoles op 11th"]
[Site "Mostoles"]
[Date "2022.07.19"]
[Round "3"]
[White "Vioque Gonzalez, Nicolas"]
[Black "Ruiz Grau, David"]
[Result "1-0"]
[WhiteElo "1887"]
[BlackElo "1439"]
[PlyCount "83"]
[EventDate "2022.07.17"]
[EventType "swiss"]
[EventRounds "9"]
[EventCountry "ESP"]
[SourceTitle "EXT 2024"]
[Source "ChessBase"]
[SourceDate "2023.10.10"]
[SourceVersion "1"]
[SourceVersionDate "2023.10.10"]
[SourceQuality "1"]

1. d4 Nf6 2. Nc3 d5 3. Bg5 c5 4. Bxf6 gxf6 5. e3 Nc6 6. Qh5 cxd4 7. exd4 e6 8. 0-0-0 Bd7 9. g3 f5 10. Nge2 Qf6 11. f4 a6 12. Bg2 0-0-0 13. a3 Na5 14. Nb1 Nc4 15. Qf3 Kb8 16. Nd2 Nd6 17. Rhe1 Ne4 18. Nxe4 fxe4 19. Qb3 Rc8 20. Nc3 Rc4 21. Nxe4 Qg6 22. Nc3 Bg7 23. Bf1 Rhc8 24. Bxc4 Rxc4 25. Qb6 Ba4 26. Re2 Qg4 27. Red2 Bc6 28. Na2 Bb5 29. Nc3 Bc6 30. Rd3 Bb5 31. Nxb5 axb5 32. R3d2 Bf8 33. Qxb5 Qf3 34. Kb1 Qe4 35. Rd3 Qe2 36. Rc1 Bg7 37. Rb3 Kc8 38. Qe8+ Kc7 39. Qxf7+ Kd6 40. Rb6+ Rc6 41. Rxc6+ Kxc6 42. Qxg7 1-0

[Event "Mostoles op 11th"]
[Site "Mostoles"]
[Date "2022.07.18"]
[Round "2"]
[White "Martin Diaz, Juan"]
[Black "Vioque Gonzalez, Nicolas"]
[Result "1-0"]
[WhiteElo "1743"]
[BlackElo "1887"]
[PlyCount "117"]
[EventDate "2022.07.17"]
[EventType "swiss"]
[EventRounds "9"]
[EventCountry "ESP"]
[SourceTitle "EXT 2024"]
[Source "ChessBase"]
[SourceDate "2023.10.10"]
[SourceVersion "1"]
[SourceVersionDate "2023.10.10"]
[SourceQuality "1"]

1. d4 d5 2. Nf3 Nf6 3. Bf4 c5 4. e3 Nc6 5. c3 Qb6 6. Qb3 c4 7. Qc2 Bf5 8. Qc1 Nh5 9. Bg3 f6 10. Nbd2 e5 11. dxe5 Nxg3 12. hxg3 Nxe5 13. Nxe5 fxe5 14. Nf3 Qc7 15. Be2 g6 16. Bd1 b5 17. Bc2 Bd7 18. Bxg6+ Kd8 19. Rxh7 Rxh7 20. Bxh7 Bg4 21. Bc2 e4 22. Nd4 Qh7 23. Kd2 Bg7 24. Qh1 Qg6 25. Bd1 Bxd1 26. Rxd1 Kc7 27. Nxb5+ Kb6 28. Nd4 Rf8 29. Rf1 Rh8 30. Qg1 a5 31. Rb1 Bxd4 32. cxd4 Qd6 33. a3 a4 34. Qd1 Rf8 35. Qe2 Qd7 36. Rh1 Qb5 37. Kc1 Qb3 38. Kb1 c3 39. Rc1 cxb2 40. Rc2 Rh8 41. Qe1 Qxa3 42. Rxb2+ Ka6 43. Qc1 Qd6 44. Ka2 Rf8 45. Qf1+ Ka7 46. Qb5 Rf7 47. Qxa4+ Qa6 48. Qxa6+ Kxa6 49. Rc2 Kb5 50. Kb3 Kb6 51. Kb2 Kb5 52. Kc1 Kb4 53. Kd1 Kb3 54. Rd2 Kc3 55. Ke2 Rg7 56. Ra2 Rg8 57. Ra5 Rb8 58. Rc5+ Kb4 59. f3 1-0

[Event "ESP-ch U12"]
[Site "Salobrena"]
[Date "2021.07.05"]
[Round "1"]
[White "Vioque Gonzalez, Nicolas"]
[Black "Garcia Trabanca, Ana"]
[Result "1-0"]
[WhiteElo "1629"]
[BlackElo "1173"]
[PlyCount "52"]
[EventDate "2021.07.05"]
[EventType "swiss"]
[EventRounds "9"]
[EventCountry "ESP"]
[SourceTitle "EXT 2022"]
[Source "ChessBase"]
[SourceDate "2021.10.06"]
[SourceVersion "1"]
[SourceVersionDate "2021.10.06"]
[SourceQuality "1"]

1. d4 Nf6 2. Nc3 e6 3. e4 d5 4. Bg5 dxe4 5. Nxe4 Be7 6. Bxf6 Bxf6 7. Nf3 Nd7 8. Qd2 b6 9. Bd3 Bb7 10. 0-0-0 0-0 11. h4 e5 12. Kb1 exd4 13. Nfg5 h6 14. Qf4 Bxe4 15. Nxe4 Re8 16. Qf5 Re5 17. Nxf6+ gxf6 18. Qh7+ Kf8 19. Bc4 Qe8 20. Qxh6+ Ke7 21. Rxd4 Kd8 22. Qxf6+ Kc8 23. Ba6+ Kb8 24. Rxd7 Re1+ 25. Rd1 Rxh1 26. Rxh1 c5 1-0